Lecture notes on mean curvature flow

Αποθηκεύτηκε σε:
Λεπτομέρειες βιβλιογραφικής εγγραφής
Κύριος συγγραφέας: Mantegazza, Carlo
Μορφή: Βιβλίο
Γλώσσα:English
Δημοσίευση: Basel : New York : Birkhuser/Springer, c2011
Σειρά:Progress in mathematics (Boston, Mass.) ; 290
Θέματα:
Ετικέτες: Προσθήκη ετικέτας
Δεν υπάρχουν, Καταχωρήστε ετικέτα πρώτοι!

MARC

LEADER 00000nam a2200000 i 4500
001 1/64814
008 150122s2011 eng d
020 |a 978-3-0348-0144-7 
035 |l 10120659 
040 |a GR-MY-UA  |b gre  |e aacr 
041 0 |a eng 
082 0 |a 516.362  |2 (23) 
100 1 |a Mantegazza, Carlo. 
245 1 0 |a Lecture notes on mean curvature flow /  |c Carlo Mantegazza 
260 |a Basel : New York :   |b Birkhuser/Springer,   |c c2011 
300 |a xii, 166 σ.;  |c 24 εκ. 
490 1 |a Progress in mathematics  |v ; 290 
504 |a Βιβλιογραφία: σ.157-164. Ευρετήριο 
650 0 0 |a Curvature. 
650 0 0 |a Flows (Differentiable dynamical systems) 
650 0 0 |a Global differential geometry. 
830 0 |a Progress in mathematics (Boston, Mass.)  |v ; 290 
852 |a INST  |b SAMOS  |e 20150122  |h 516.362 MAN  |p 005300041370  |q 005300041370  |t BK  |y 0 
901 |a BIBL3-2015-1 
909 |a Σ  |b 189323 
922 |a 3ΕΛΗ  |b 201405  |c ΤΜΗΜΑ ΜΑΘΗΜΑΤΙΚΩΝ  |d ΔΙΑΔΡΟΜΕΣ 
970 |a ΚΟΣΙΕΡΗΣ  |b ΧΡΗΣΤΟΣ  |z 2015/01/22